Movies Quiz

Random Movies or Oscar Quiz

The Godfather Oscar Nominees Quiz Stats

 Plays Quiz not verified by Sporcle

Also try: Star Wars Bunker
Challenge
Share
Tweet
Embed
Score 0/9 Timer 02:00
0 Plays Today
Nominee % Correct
Marlon Brando
97%
Al Pacino
95.8%
Robert De Niro
86.6%
James Caan
80.4%
Robert Duvall
75.7%
Talia Shire
65.3%
Andy Garcia
55.4%
Lee Strasberg
34.7%
Michael V. Gazzo
26.6%

You're not logged in!

Compare scores with friends on all Sporcle quizzes.
OR
Log In

You Might Also Like...

Show Comments

Extras

Top Quizzes Today


Score Distribution

Your Account Isn't Verified!

In order to create a playlist on Sporcle, you need to verify the email address you used during registration. Go to your Sporcle Settings to finish the process.

Report this User

Report this user for behavior that violates our Community Guidelines.

Details: